Business Analytics : Data Analysis and Decision Making /
Contiene: 1) Introducción al análisis de negocios; Parte I) Explorar datos: 2) Descripción de la distribución de una variable simple; 3) Encontrar relaciones entre las variables; 4) Herramientas de inteligencia de negocios para el análisis de datos: Power Query; 5) Herramientas de inteligencia de ne...
Guardat en:
| Autor principal: | |
|---|---|
| Altres autors: | |
| Format: | Llibre |
| Idioma: | anglès |
| Publicat: |
Mason, EUA :
Cengage Learning,
2025, c2025
|
| Edició: | 8a edición |
| Matèries: | |
| Etiquetes: |
MARC
| LEADER | 00000nam^a2200000^a^4500 | ||
|---|---|---|---|
| 001 | 000583511 | ||
| 005 | 20250811185554.0 | ||
| 009 | 20260310132651.185 | ||
| 020 | |a 978-0-357-98458-1 | ||
| 037 | |a Acervo ITESO - Biblioteca | ||
| 041 | |a ING | ||
| 082 | |a 658. 00285 |b ALB | ||
| 100 | |a Albright, S. Christian |e (autor) | ||
| 245 | 1 | 0 | |a Business Analytics : |b Data Analysis and Decision Making / |c S.C. Albright, W.L. Winton. |
| 250 | |a 8a edición | ||
| 264 | 4 | |a Mason, EUA : |b Cengage Learning, |c 2025, c2025 | |
| 300 | |a XXVI, 853 p. | ||
| 336 | |a texto |b txt |2 rdacontenido | ||
| 337 | |a sin mediación |b n |2 rdamedio | ||
| 338 | |a volumen |b nc |2 rdasoporte | ||
| 520 | |a Contiene: 1) Introducción al análisis de negocios; Parte I) Explorar datos: 2) Descripción de la distribución de una variable simple; 3) Encontrar relaciones entre las variables; 4) Herramientas de inteligencia de negocios para el análisis de datos: Power Query; 5) Herramientas de inteligencia de negocios para el análisis de datos: Power Pivot; Parte II) Probabilidad y toma de decisiones bajo incertidumbre: 6) Probabilidad y distribuciones de probabilidad; 7) Toma de decisiones bajo incertidumbre; Parte III) Inferencia estadística, análisis de regresión y pronóstico de series temporales: 8) Inferencia estadística; 9) Análisis de regresión: estimación de relaciones; 10) Análisis de regresión: inferencia estadística; 11) Análisis y pronóstico de series temporales; Parte IV) Modelado de optimización y simulación: 12) Introducción al modelado de optimización; 13) Modelos de optimización; 14) Introducción al modelado de simulación; 15) Modelos de simulación; Parte V) Análisis avanzado de datos: 16) Minería de datos: clasificación; 17) Minería de datos: análisis de agrupaciones y cestas de mercado; 18) Análisis de varianza y diseño experimental; 19) Control estadístico de procesos; Apéndice A: Informes cuantitativos. | ||
| 521 | |a 2025 BO Especialidad en Negocios Internacionales | ||
| 521 | |a EEnlace Departamento de Matemáticas y Física 2024 | ||
| 649 | |a XX | ||
| 650 | |a Empresas - |x Administración - |x Aspectos Tecnológicos | ||
| 650 | |a Inteligencia de Negocios | ||
| 650 | |a Minería de Datos | ||
| 650 | |a Análisis de Datos - |x Tema Principal | ||
| 650 | |a Decisiones Estadísticas - |x Tema Principal | ||
| 650 | |a Toma de Decisiones | ||
| 650 | |a Inferencia Estadística | ||
| 650 | |a Análisis de Regresión | ||
| 650 | |a Análisis de Series Temporales | ||
| 650 | |a Análisis de Varianza | ||
| 650 | |a Diseño Experimental | ||
| 650 | |a Optimización | ||
| 650 | |a Estadística | ||
| 650 | |a Modelos Matemáticos | ||
| 650 | |a Incertidumbre (Teoría de la Información) | ||
| 650 | |a Probabilidad | ||
| 650 | |a Control Estadístico de Calidad | ||
| 650 | |a Control de Procesos | ||
| 650 | |a Simulación de Negocios | ||
| 650 | |a Proceso Administrativo - |x Dirección | ||
| 650 | |a Administración | ||
| 650 | |a Ciencias Administrativas | ||
| 700 | |a Winston, Wayne L. |e (autor) | ||
| 910 | |a Fondo General | ||
| 920 | |a Impresos - Libros | ||
| 930 | |a Reserva Especial | ||
| 905 | |a 103 | ||
| 901 | |a 0500407209 |b IT1 |c REE |i C185749 |u 20250521 | ||
| 902 | |a https://opac.biblio.iteso.mx/vufind/Record/000583511 | ||